000 00489nam a22001817a 4500
005 20241113154219.0
008 241113b |||||||| |||| 00| 0 eng d
020 _a9780241568521
041 _aEng
082 _a153.75 SIL
100 _aSilver Nate
245 _aOn the Edge : The Art of Risking Everything
260 _aNew York
_bPenguin Press
_c2024
300 _a559;. P. 22 CM
365 _aRS
_b799
_cRupees
650 _aRisk-taking (Psychology), Risk perception
942 _cBK
999 _c43142
_d43142